[Event "CYCC U16"]
[Site "Ottawa CAN"]
[Date "2013.07.12"]
[Round "6"]
[White "Song, Guannan Terry"]
[Black "Adriaanse, Adam"]
[Result "1/2-1/2"]
[WhiteElo "2190"]
[BlackElo "1924"]
[PlyCount "132"]
[GameId "2160767909334966"]
[EventDate "2013.07.10"]
[EventType "swiss"]
[EventRounds "6"]
[EventCountry "CAN"]
[SourceTitle "EXT 2022"]
[Source "ChessBase"]
[SourceDate "2021.10.06"]
[SourceVersion "1"]
[SourceVersionDate "2021.10.06"]
[SourceQuality "1"]

1. e4 e5 2. Nf3 Nf6 3. d4 Nxe4 4. Bd3 d5 5. Nxe5 Bd6 6. O-O O-O 7. Nd2 Nxd2 8. Bxd2 Nd7 9. Nxd7 Bxd7 10. Qh5 f5 11. Bg5 Qe8 12. Qf3 Qf7 13. Bf4 Bxf4 14. Qxf4 Bc6 15. Rae1 Rae8 16. Rxe8 Bxe8 17. Re1 Bc6 18. h4 g6 19. Re3 Re8 20. Rg3 Re1+ 21. Kh2 Kf8 22. h5 Ke8 23. hxg6 hxg6 24. Qg5 Re6 25. Rh3 Kd7 26. Rh8 Re8 27. Rh6 Rg8 28. f4 Rg7 29. g4 Rh7 30. gxf5 Rxh6+ 31. Qxh6 gxf5 32. Qg5 Ke6 33. Kg3 Qh7 34. b3 Be8 35. c4 c6 36. Qd8 Qg7+ 37. Qg5 Qh7 38. Kg2 Bh5 39. Kg3 Bd1 40. c5 Bh5 41. Kf2 Bg4 42. Qxg4 Qh2+ 43. Qg2 Qxf4+ 44. Qf3 Qxd4+ 45. Qe3+ Qxe3+ 46. Kxe3 Ke5 47. Be2 a5 48. Bf3 d4+ 49. Kd3 Kf4 50. Bd1 Ke5 51. Bh5 Kd5 52. Bg6 f4 53. a3 Kxc5 54. Be4 b5 55. Bf3 Kb6 56. Kxd4 c5+ 57. Kc3 a4 58. b4 cxb4+ 59. Kxb4 Ka6 60. Be2 Kb6 61. Bxb5 f3 62. Kxa4 f2 63. Kb4 Kb7 64. a4 Kb6 65. Kc3 Ka5 66. Kd2 f1=Q 1/2-1/2

[Event "CYCC U16"]
[Site "Ottawa CAN"]
[Date "2013.07.12"]
[Round "6"]
[White "Wu, Stanley"]
[Black "Muntaner, Daniel"]
[Result "1/2-1/2"]
[WhiteElo "1741"]
[BlackElo "1310"]
[PlyCount "71"]
[GameId "2160767909334968"]
[EventDate "2013.07.10"]
[EventType "swiss"]
[EventRounds "6"]
[EventCountry "CAN"]
[SourceTitle "hb 2013"]

1. e4 e5 2. Nf3 Nc6 3. Bc4 Bc5 4. c3 Nf6 5. d3 d6 6. Bb3 h6 7. O-O O-O 8. Re1 Be6 9. Bc2 Re8 10. d4 exd4 11. cxd4 Bb4 12. d5 Bxe1 13. Qxe1 Bxd5 14. Nc3 Be6 15. Be3 Bg4 16. h3 Bxf3 17. gxf3 Qd7 18. Kh2 Ne5 19. Qe2 Kh7 20. f4 Ng6 21. Qf3 Rad8 22. Bd4 Qe7 23. Rg1 c5 24. Be3 Rg8 25. Rg3 Kh8 26. Qg2 Nh5 27. Nd5 Qf8 28. Rxg6 fxg6 29. Qxg6 Qe8 30. Ne7 Qxg6 31. Nxg6+ Kh7 32. e5 Rge8 33. Nh4+ Kg8 34. Bg6 Re7 35. Bxh5 dxe5 36. fxe5 1/2-1/2

[Event "CYCC U16U18 w"]
[Site "Ottawa CAN"]
[Date "2013.07.10"]
[Round "1"]
[White "Botez, Alexandra"]
[Black "Xiao, Alice"]
[Result "1/2-1/2"]
[WhiteElo "2204"]
[BlackElo "1959"]
[PlyCount "51"]
[GameId "2160767909334970"]
[EventDate "2013.07.10"]
[EventType "swiss"]
[EventRounds "6"]
[EventCountry "CAN"]
[SourceTitle "EXT 2022"]
[Source "ChessBase"]
[SourceDate "2021.10.06"]
[SourceVersion "1"]
[SourceVersionDate "2021.10.06"]
[SourceQuality "1"]

1. d4 d5 2. c4 e6 3. Nf3 Be7 4. Nc3 Nf6 5. Bf4 O-O 6. e3 c5 7. cxd5 exd5 8. Be2 Nc6 9. O-O Bg4 10. h3 Bh5 11. Ne5 Bxe2 12. Qxe2 cxd4 13. Nxc6 bxc6 14. exd4 Re8 15. Qd2 Qd7 16. Be5 Qf5 17. Bxf6 Bxf6 18. Rac1 Rac8 19. Ne2 Re6 20. Rfd1 Rce8 21. Ng3 Qg6 22. Qc3 Bh4 23. Rd3 h6 24. Rf1 Re1 25. Rxe1 Rxe1+ 26. Qxe1 1/2-1/2

[Event "CYCC U16U18 w"]
[Site "Ottawa CAN"]
[Date "2013.07.10"]
[Round "1"]
[White "Ding, Jill"]
[Black "Vyravanathan, Sobiga"]
[Result "0-1"]
[WhiteElo "1585"]
[BlackElo "1640"]
[PlyCount "110"]
[GameId "2160767909334971"]
[EventDate "2013.07.10"]
[EventType "swiss"]
[EventRounds "6"]
[EventCountry "CAN"]
[SourceTitle "EXT 2022"]
[Source "ChessBase"]
[SourceDate "2021.10.06"]
[SourceVersion "1"]
[SourceVersionDate "2021.10.06"]
[SourceQuality "1"]

1. e4 c5 2. c4 Nc6 3. Nc3 e5 4. g3 Nf6 5. Bg2 Be7 6. Nge2 d6 7. O-O O-O 8. d3 Bg4 9. h3 Bh5 10. Be3 a6 11. a4 Qb6 12. Rb1 Rac8 13. Qd2 Qc7 14. f4 exf4 15. Nxf4 Bg6 16. Ncd5 Qd8 17. Kh2 Re8 18. Qd1 Rb8 19. b3 Ne5 20. Qe2 Nc6 21. h4 h6 22. Nxg6 fxg6 23. Nf4 Ne5 24. Bh3 h5 25. Be6+ Kh7 26. Kg2 Nfg4 27. Bd5 Bf6 28. Bd2 Qd7 29. Bc3 b6 30. Bxe5 Rxe5 31. Nh3 Rbe8 32. Qd2 b5 33. axb5 axb5 34. Rh1 bxc4 35. bxc4 Qe7 36. Rb7 Qd8 37. Qf4 Rf8 38. Rf7 Rxf7 39. Bxf7 Qe7 40. Bd5 Qa7 41. Qd2 Qe7 42. Rb1 Qd8 43. Rb7 Qc8 44. Ra7 Rxd5 45. cxd5 Qb8 46. Qa2 Ne3+ 47. Kh2 Qb5 48. Nf4 Ng4+ 49. Kg2 Be5 50. Ra3 Ne3+ 51. Kf3 Ng4 52. Rb3 Qd7 53. Ne6 Qf7+ 54. Kg2 Ne3+ 55. Kh3 Qf1+ 0-1

[Event "CYCC U16U18 w"]
[Site "Ottawa CAN"]
[Date "2013.07.10"]
[Round "1"]
[White "Giblon, Rebecca"]
[Black "Kalaydina, Regina Veronicka"]
[Result "1-0"]
[WhiteElo "1646"]
[BlackElo "1962"]
[PlyCount "99"]
[GameId "2160767909334972"]
[EventDate "2013.07.10"]
[EventType "swiss"]
[EventRounds "6"]
[EventCountry "CAN"]
[SourceTitle "EXT 2022"]
[Source "ChessBase"]
[SourceDate "2021.10.06"]
[SourceVersion "1"]
[SourceVersionDate "2021.10.06"]
[SourceQuality "1"]

1. e4 c5 2. Nf3 e6 3. d4 cxd4 4. Nxd4 Nc6 5. Nc3 Nf6 6. Ndb5 d6 7. Bg5 a6 8. Bxf6 gxf6 9. Nd4 Bh6 10. g3 e5 11. Nf5 Bxf5 12. exf5 Nd4 13. Bc4 O-O 14. Ne4 Bg7 15. Bd5 Qa5+ 16. Nc3 Rac8 17. O-O Nxf5 18. Bxb7 Rb8 19. Be4 Nd4 20. Nd5 f5 21. Ne7+ Kh8 22. Nxf5 Nxf5 23. Bxf5 d5 24. b3 Rbd8 25. Qe2 Qb6 26. Rad1 Qf6 27. Bd3 a5 28. c4 d4 29. f4 Qh6 30. Rde1 Rde8 31. Qf3 exf4 32. Rxe8 Rxe8 33. Qxf4 Qxf4 34. gxf4 Bh6 35. Kg2 Re3 36. Rf3 Bxf4 37. Rxf4 Rxd3 38. Rxf7 Rd2+ 39. Rf2 Rd1 40. Kf3 Kg7 41. Ke2 Ra1 42. Kd3 Rd1+ 43. Rd2 Rg1 44. Kxd4 Kf6 45. Kc5 Ke6 46. Kb5 Rg5+ 47. Ka4 h6 48. a3 Kf6 49. b4 Rg4 50. c5 1-0

[Event "CYCC U16U18 w"]
[Site "Ottawa CAN"]
[Date "2013.07.10"]
[Round "2"]
[White "Kalaydina, Regina Veronicka"]
[Black "Ding, Jill"]
[Result "0-1"]
[WhiteElo "1962"]
[BlackElo "1585"]
[PlyCount "55"]
[GameId "2160767909334973"]
[EventDate "2013.07.10"]
[EventType "swiss"]
[EventRounds "6"]
[EventCountry "CAN"]
[SourceTitle "EXT 2022"]
[Source "ChessBase"]
[SourceDate "2021.10.06"]
[SourceVersion "1"]
[SourceVersionDate "2021.10.06"]
[SourceQuality "1"]

1. d4 f5 2. Nc3 g6 3. e4 e6 4. Nf3 Bg7 5. Bg5 Ne7 6. Qd2 h6 7. Bxe7 Qxe7 8. O-O-O d6 9. Bd3 Nc6 10. exf5 gxf5 11. d5 Ne5 12. Bb5+ Bd7 13. Bxd7+ Nxd7 14. dxe6 Qxe6 15. Rhe1 Ne5 16. Nd4 Qf7 17. f4 O-O-O 18. Ndb5 a6 19. fxe5 axb5 20. e6 Qe8 21. Nd5 b6 22. Qd3 Be5 23. e7 Rd7 24. Qxf5 Kb7 25. Nf6 Bxf6 26. Qxf6 Rh7 27. Qf8 Rh8 28. Qxh8 0-1

[Event "CYCC U16U18 w"]
[Site "Ottawa CAN"]
[Date "2013.07.10"]
[Round "2"]
[White "Vyravanathan, Sobiga"]
[Black "Foote, Joanne"]
[Result "1-0"]
[WhiteElo "1640"]
[BlackElo "1711"]
[PlyCount "76"]
[GameId "2160767909334974"]
[EventDate "2013.07.10"]
[EventType "swiss"]
[EventRounds "6"]
[EventCountry "CAN"]
[SourceTitle "EXT 2022"]
[Source "ChessBase"]
[SourceDate "2021.10.06"]
[SourceVersion "1"]
[SourceVersionDate "2021.10.06"]
[SourceQuality "1"]

1. e4 c5 2. Nf3 d6 3. d4 cxd4 4. Nxd4 Nf6 5. Nc3 a6 6. Be3 e5 7. Nf3 Be7 8. Be2 O-O 9. O-O Nbd7 10. Rb1 b5 11. a3 Bb7 12. Nd2 Qc7 13. f4 Nc5 14. Bf3 Rfd8 15. f5 d5 16. exd5 Nxd5 17. Nxd5 Bxd5 18. Bxd5 Rxd5 19. Qg4 Nd7 20. Bh6 Qb6+ 21. Kh1 Qxh6 22. Nb3 Nf6 23. Qf3 Rad8 24. Rfe1 e4 25. Qg3 Bd6 26. Qh3 Qxh3 27. gxh3 Bc7 28. Rf1 a5 29. c3 Bb6 30. Na1 a4 31. Nc2 Rd2 32. Nb4 Bc7 33. Na6 Rxh2+ 34. Kg1 Rdd2 35. Rfd1 Rdg2+ 36. Kf1 Rf2+ 37. Ke1 e3 38. Nxc7 Rh1# 1-0

[Event "CYCC U16U18 w"]
[Site "Ottawa CAN"]
[Date "2013.07.10"]
[Round "2"]
[White "Xiao, Alice"]
[Black "Giblon, Rebecca"]
[Result "1-0"]
[WhiteElo "1959"]
[BlackElo "1642"]
[PlyCount "75"]
[GameId "2160767909334975"]
[EventDate "2013.07.10"]
[EventType "swiss"]
[EventRounds "6"]
[EventCountry "CAN"]
[SourceTitle "EXT 2022"]
[Source "ChessBase"]
[SourceDate "2021.10.06"]
[SourceVersion "1"]
[SourceVersionDate "2021.10.06"]
[SourceQuality "1"]

1. e4 e5 2. Nf3 Nc6 3. Bb5 a6 4. Ba4 Nf6 5. d3 b5 6. Bb3 Bc5 7. c3 O-O 8. O-O h6 9. h3 d6 10. Re1 Be6 11. Bc2 Nh7 12. d4 exd4 13. cxd4 Bb4 14. Nc3 Bd7 15. a3 Ba5 16. b4 Bb6 17. Nd5 Ba7 18. Qd3 f5 19. Qb3 Kh8 20. Nf4 Be8 21. Ne6 Bf7 22. Nxf8 Qxf8 23. Qc3 Bc4 24. d5 fxe4 25. Bxe4 Ne5 26. Be3 Nxf3+ 27. Bxf3 Ng5 28. Bxg5 hxg5 29. Qd2 Qf6 30. Rac1 Rf8 31. Re6 Qd8 32. Rce1 c6 33. Re7 Qb6 34. Qxg5 Qxf2+ 35. Kh1 Bd4 36. Re8 Kg8 37. Rxf8+ Kxf8 38. Qe7+ 1-0

[Event "CYCC U16U18 w"]
[Site "Ottawa CAN"]
[Date "2013.07.11"]
[Round "3"]
[White "Ding, Jill"]
[Black "Xiao, Alice"]
[Result "0-1"]
[WhiteElo "1585"]
[BlackElo "1959"]
[PlyCount "94"]
[GameId "2160767909334976"]
[EventDate "2013.07.10"]
[EventType "swiss"]
[EventRounds "6"]
[EventCountry "CAN"]
[SourceTitle "EXT 2022"]
[Source "ChessBase"]
[SourceDate "2021.10.06"]
[SourceVersion "1"]
[SourceVersionDate "2021.10.06"]
[SourceQuality "1"]

1. e4 c5 2. c4 Nc6 3. Nc3 g6 4. g3 Bg7 5. Bg2 d6 6. Nge2 e6 7. O-O Nge7 8. d3 O-O 9. Be3 Nd4 10. Rb1 Nec6 11. Qd2 a6 12. a4 Bd7 13. b3 Rb8 14. Bh6 Bxh6 15. Qxh6 b5 16. axb5 axb5 17. Nxd4 Nxd4 18. Qe3 bxc4 19. bxc4 Qa5 20. Ne2 Qa2 21. Nc3 Qc2 22. Rbc1 Qb2 23. Qe1 Rb3 24. Kh1 Rfb8 25. e5 Nc2 26. Qd2 Rxc3 27. Rb1 Qxb1 28. Rxb1 Rxb1+ 29. Bf1 Rxf1+ 30. Kg2 Rc1 31. Qxc1 Ba4 32. Qd2 Ra3 33. exd6 Bc6+ 34. Kh3 Nb4 35. Qg5 Rxd3 36. Qxc5 Rb3 37. Qa5 Kg7 38. Kh4 Nd3 39. Qc7 Ne5 40. f4 Nf3+ 41. Kh3 Ng1+ 42. Kh4 Nf3+ 43. Kh3 Ng1+ 44. Kh4 Bg2 45. f5 exf5 46. g4 h6 47. gxf5 gxf5 0-1

[Event "CYCC U16U18 w"]
[Site "Ottawa CAN"]
[Date "2013.07.11"]
[Round "3"]
[White "Foote, Joanne"]
[Black "Kalaydina, Regina Veronicka"]
[Result "0-1"]
[WhiteElo "1711"]
[BlackElo "1962"]
[PlyCount "168"]
[GameId "2160767909334977"]
[EventDate "2013.07.10"]
[EventType "swiss"]
[EventRounds "6"]
[EventCountry "CAN"]
[SourceTitle "EXT 2022"]
[Source "ChessBase"]
[SourceDate "2021.10.06"]
[SourceVersion "1"]
[SourceVersionDate "2021.10.06"]
[SourceQuality "1"]

1. e4 c5 2. Nc3 Nc6 3. g3 g6 4. Bg2 Bg7 5. d3 e6 6. f4 d6 7. Nf3 Nge7 8. O-O O-O 9. Be3 Nd4 10. Rb1 Qa5 11. Bd2 Qc7 12. Ne2 Bd7 13. c3 Nxf3+ 14. Bxf3 Rab8 15. d4 b5 16. Be3 Rfd8 17. Qd2 Bc6 18. Qc2 Bb7 19. dxc5 dxc5 20. Rbd1 a6 21. Nc1 c4 22. Qf2 Rxd1 23. Rxd1 Rd8 24. Rd2 Rd6 25. Ne2 Rxd2 26. Bxd2 Qd7 27. Nd4 e5 28. Nc2 Qd3 29. Be3 Bxe4 30. Bxe4 Qxe4 31. fxe5 Bxe5 32. Nd4 Nd5 33. Bh6 Qb1+ 34. Kg2 Qe4+ 35. Kg1 Qb1+ 36. Kg2 Qe4+ 37. Kg1 Bg7 38. Bxg7 Kxg7 39. Qf3 Qxf3 40. Nxf3 Kf6 41. Kf2 Kf5 42. h3 Ke4 43. Ke2 h6 44. Nd2+ Ke5 45. Nf3+ Kd6 46. Nd4 f5 47. Kf3 Nf6 48. g4 fxg4+ 49. hxg4 Kd5 50. Ne2 Ke5 51. Nf4 g5 52. Ne2 Nd5 53. Nd4 Nf4 54. Nf5 h5 55. Ne3 h4 56. b3 cxb3 57. axb3 Nd5 58. Nd1 a5 59. c4 bxc4 60. bxc4 Nb6 61. c5 Na4 62. c6 Kd6 63. Ke4 Kxc6 64. Kf5 h3 65. Kxg5 Nc3 66. Nf2 h2 67. Kf5 Nd1 68. Nh1 Ne3+ 69. Kf4 Nxg4 70. Kxg4 a4 71. Kg3 a3 72. Kxh2 a2 73. Nf2 a1=Q 74. Kg3 Qc3+ 75. Kg2 Kd5 76. Kf1 Qf3 77. Ke1 Kd4 78. Nd1 Kd3 79. Nf2+ Kc2 80. Kf1 Kd2 81. Kg1 Ke2 82. Nh1 Qh3 83. Nf2 Qg3+ 84. Kh1 Qh4+ 0-1

[Event "CYCC U16U18 w"]
[Site "Ottawa CAN"]
[Date "2013.07.11"]
[Round "3"]
[White "Giblon, Rebecca"]
[Black "Botez, Alexandra"]
[Result "1/2-1/2"]
[WhiteElo "1654"]
[BlackElo "2204"]
[PlyCount "123"]
[GameId "2160767909334978"]
[EventDate "2013.07.10"]
[EventType "swiss"]
[EventRounds "6"]
[EventCountry "CAN"]
[SourceTitle "EXT 2022"]
[Source "ChessBase"]
[SourceDate "2021.10.06"]
[SourceVersion "1"]
[SourceVersionDate "2021.10.06"]
[SourceQuality "1"]

1. e4 e6 2. d4 d5 3. Nd2 c5 4. exd5 Qxd5 5. Ngf3 cxd4 6. Bc4 Qd8 7. Nb3 Nf6 8. Nbxd4 a6 9. O-O Bd6 10. Re1 O-O 11. Bg5 Qc7 12. Bxf6 gxf6 13. Bd3 Bf4 14. Ne2 Bh6 15. Ng3 Nd7 16. Nh4 f5 17. Nhxf5 exf5 18. Nxf5 Qf4 19. Re4 Qxf5 20. Rg4+ Qxg4 21. Qxg4+ Bg7 22. Qh4 f5 23. Re1 Ne5 24. Re3 h6 25. Qe7 Ng6 26. Qc7 Kh7 27. Bc4 f4 28. Re1 Bf5 29. Qxb7 Bxc2 30. Bf7 Rab8 31. Qa7 Rxb2 32. Bxg6+ Bxg6 33. Qxa6 Rf6 34. Qa4 Re6 35. Rc1 Re4 36. Qa7 Rc4 37. Re1 Re4 38. Rc1 Ree2 39. h3 Rxa2 40. Qb6 Rad2 41. Rc7 Re1+ 42. Kh2 Rdd1 43. g3 Be4 44. Rxg7+ Kxg7 45. Qc7+ Kg6 46. Qb6+ Kf7 47. Qc7+ Ke6 48. Qc8+ Ke5 49. Qh8+ Kd5 50. Qg8+ Kd4 51. Qd8+ Kc3 52. Qa5+ Kd3 53. Qb5+ Kd2 54. Qb2+ Kd3 55. Qb5+ Kd4 56. Qb6+ Ke5 57. Qc7+ Ke6 58. Qc8+ Rd7 59. Qa6+ Kf7 60. Qc4+ Ke7 61. Qb4+ Kf6 62. Qxe1 1/2-1/2

[Event "CYCC U16U18 w"]
[Site "Ottawa CAN"]
[Date "2013.07.11"]
[Round "4"]
[White "Botez, Alexandra"]
[Black "Ding, Jill"]
[Result "1-0"]
[WhiteElo "2204"]
[BlackElo "1585"]
[PlyCount "93"]
[GameId "2160767909334979"]
[EventDate "2013.07.10"]
[EventType "swiss"]
[EventRounds "6"]
[EventCountry "CAN"]
[SourceTitle "EXT 2022"]
[Source "ChessBase"]
[SourceDate "2021.10.06"]
[SourceVersion "1"]
[SourceVersionDate "2021.10.06"]
[SourceQuality "1"]

1. d4 f5 2. g3 Nf6 3. Bg2 g6 4. c4 Bg7 5. d5 O-O 6. Nc3 d6 7. Nh3 c6 8. Nf4 Qe8 9. O-O e5 10. Nh3 Qe7 11. Qb3 Kh8 12. Bd2 Qc7 13. Rac1 Na6 14. Qa3 c5 15. Rfd1 Qe7 16. Nb5 Bd7 17. Ng5 e4 18. Bf4 Bxb5 19. cxb5 Nc7 20. Ne6 Nxe6 21. dxe6 Rfd8 22. b4 b6 23. Qb3 d5 24. bxc5 bxc5 25. Qa3 Bf8 26. Qa6 d4 27. Be5 Re8 28. Rc4 Kg7 29. Rdxd4 Qxe6 30. Rd7+ Kg8 31. Qxe6+ Rxe6 32. Bxf6 Rxf6 33. f3 exf3 34. Bxf3 Rb8 35. Bd5+ Kh8 36. Ra4 Rd6 37. Rxd6 Bxd6 38. Bc6 Rb6 39. Rxa7 c4 40. Ra4 c3 41. Rc4 Be5 42. a4 Rb8 43. a5 Bc7 44. b6 Be5 45. b7 Rd8 46. a6 Bd4+ 47. Rxd4 1-0

[Event "CYCC U16U18 w"]
[Site "Ottawa CAN"]
[Date "2013.07.11"]
[Round "4"]
[White "Kalaydina, Regina Veronicka"]
[Black "Vyravanathan, Sobiga"]
[Result "1-0"]
[WhiteElo "1962"]
[BlackElo "1640"]
[PlyCount "129"]
[GameId "2160767909334980"]
[EventDate "2013.07.10"]
[EventType "swiss"]
[EventRounds "6"]
[EventCountry "CAN"]
[SourceTitle "EXT 2022"]
[Source "ChessBase"]
[SourceDate "2021.10.06"]
[SourceVersion "1"]
[SourceVersionDate "2021.10.06"]
[SourceQuality "1"]

1. d4 Nf6 2. c4 e6 3. Nf3 d5 4. g3 Be7 5. Bg2 O-O 6. O-O Nc6 7. Qc2 Nb4 8. Qb3 a5 9. a3 a4 10. Qd1 Nc6 11. cxd5 Nxd5 12. Nc3 Nxc3 13. bxc3 Bd6 14. e4 e5 15. Ne1 Bd7 16. f4 f6 17. Nf3 Bg4 18. dxe5 fxe5 19. Qd5+ Kh8 20. Nxe5 Nxe5 21. fxe5 Rxf1+ 22. Bxf1 Be7 23. Be3 c6 24. Qxd8+ Rxd8 25. Kf2 Rf8+ 26. Ke1 Rd8 27. Be2 Be6 28. c4 Kg8 29. c5 Kf7 30. Bd1 Ra8 31. Rb1 Ra7 32. Kf2 Bc4 33. Rb4 Bb5 34. Bg4 Ra8 35. Rd4 g6 36. Rd7 Ba6 37. Bg5 Re8 38. Bxe7 Rxe7 39. Rxe7+ Kxe7 40. Ke3 Bc4 41. Bc8 Ba6 42. Kf4 Kd8 43. Be6 Ke7 44. Bg4 h6 45. h4 Bc4 46. Bc8 Ba6 47. g4 Kd8 48. Be6 Ke7 49. Bg8 Kf8 50. Ba2 Bd3 51. Be6 Ke7 52. Bc8 Ba6 53. h5 g5+ 54. Kf5 Kd8 55. Be6 Bd3 56. Kg6 Bxe4+ 57. Kxh6 Bd5 58. Bf5 b5 59. cxb6 c5 60. Kxg5 c4 61. h6 c3 62. h7 Bb3 63. h8=Q+ Ke7 64. Qf6+ Ke8 65. b7 1-0

[Event "CYCC U16U18 w"]
[Site "Ottawa CAN"]
[Date "2013.07.11"]
[Round "4"]
[White "Xiao, Alice"]
[Black "Foote, Joanne"]
[Result "1-0"]
[WhiteElo "1959"]
[BlackElo "1711"]
[PlyCount "59"]
[GameId "2160767909334981"]
[EventDate "2013.07.10"]
[EventType "swiss"]
[EventRounds "6"]
[EventCountry "CAN"]
[SourceTitle "EXT 2022"]
[Source "ChessBase"]
[SourceDate "2021.10.06"]
[SourceVersion "1"]
[SourceVersionDate "2021.10.06"]
[SourceQuality "1"]

1. e4 c5 2. Nf3 d6 3. Bb5+ Bd7 4. Bxd7+ Qxd7 5. c4 Nc6 6. d4 cxd4 7. Nxd4 Nf6 8. Nc3 e6 9. O-O Be7 10. Be3 O-O 11. Qe2 Rac8 12. f3 a6 13. Rac1 Nxd4 14. Bxd4 d5 15. Rfd1 Rxc4 16. Bxf6 Rfc8 17. Bxe7 Qxe7 18. exd5 Qc5+ 19. Qf2 exd5 20. Qxc5 R4xc5 21. Rd4 h6 22. Rcd1 b5 23. Nxd5 Re8 24. Nc3 Re6 25. Kf2 Kh7 26. Re1 Rb6 27. a3 a5 28. Ke2 Rc8 29. Rd7 Kg6 30. Nd5 1-0

[Event "CYCC U16U18 w"]
[Site "Ottawa CAN"]
[Date "2013.07.12"]
[Round "5"]
[White "Ding, Jill"]
[Black "Giblon, Rebecca"]
[Result "1/2-1/2"]
[WhiteElo "1585"]
[BlackElo "1654"]
[PlyCount "105"]
[GameId "2160767909334982"]
[EventDate "2013.07.10"]
[EventType "swiss"]
[EventRounds "6"]
[EventCountry "CAN"]
[SourceTitle "EXT 2022"]
[Source "ChessBase"]
[SourceDate "2021.10.06"]
[SourceVersion "1"]
[SourceVersionDate "2021.10.06"]
[SourceQuality "1"]

1. e4 e5 2. Nf3 Nc6 3. Bc4 Bc5 4. c3 Nf6 5. d3 d6 6. h3 Bb6 7. Bb3 h6 8. Nbd2 a6 9. Nf1 Be6 10. Bc2 d5 11. Qe2 dxe4 12. dxe4 Qe7 13. Ne3 O-O-O 14. O-O g6 15. c4 Nh5 16. Ba4 Nf4 17. Qc2 Nb4 18. Qb1 Bxe3 19. fxe3 Bxc4 20. Bd2 Bxf1 21. exf4 Bd3 22. Qe1 Nc2 23. Bxc2 Bxc2 24. Rc1 Ba4 25. Nxe5 Kb8 26. Bb4 Qe6 27. b3 Bb5 28. Qc3 Rc8 29. Qc2 Rhd8 30. Ba5 b6 31. Bd2 c5 32. a4 Bc6 33. Bc3 Bb7 34. a5 b5 35. Be1 f6 36. Nd3 Qxe4 37. Nxc5 Qxf4 38. b4 Qd4+ 39. Kh2 f5 40. Bc3 Qd6+ 41. Kg1 Ka8 42. Re1 Rc6 43. Qf2 Qd5 44. Re7 Qd1+ 45. Re1 Qd6 46. Re6 Qc7 47. Be5 Qf7 48. Rxc6 Bxc6 49. Nxa6 Rd7 50. Qb6 Bb7 51. Nc7+ Rxc7 52. Qxc7 Qxc7 53. Bxc7 1/2-1/2

[Event "CYCC U16U18 w"]
[Site "Ottawa CAN"]
[Date "2013.07.12"]
[Round "5"]
[White "Foote, Joanne"]
[Black "Botez, Alexandra"]
[Result "0-1"]
[WhiteElo "1711"]
[BlackElo "2204"]
[PlyCount "100"]
[GameId "2160767909334983"]
[EventDate "2013.07.10"]
[EventType "swiss"]
[EventRounds "6"]
[EventCountry "CAN"]
[SourceTitle "EXT 2022"]
[Source "ChessBase"]
[SourceDate "2021.10.06"]
[SourceVersion "1"]
[SourceVersionDate "2021.10.06"]
[SourceQuality "1"]

1. e4 e6 2. d4 d5 3. Nd2 c5 4. exd5 exd5 5. Bb5+ Bd7 6. Bxd7+ Nxd7 7. Ngf3 Ngf6 8. O-O Be7 9. Re1 O-O 10. c3 Re8 11. dxc5 Nxc5 12. Nb3 Nce4 13. h3 Qd7 14. Ng5 Qf5 15. Nxe4 dxe4 16. Nd4 Qg6 17. Bf4 Nh5 18. Bh2 Bh4 19. Qg4 Qxg4 20. hxg4 Nf6 21. Nb5 e3 22. Rxe3 Bxf2+ 23. Kxf2 Nxg4+ 24. Kg3 Nxe3 25. Nc7 Nc4 26. Nxa8 Rxa8 27. b3 Ne5 28. Rd1 f6 29. Kh3 Nf7 30. Bf4 g5 31. Bh2 Kg7 32. Rd7 b6 33. Kg4 Kg6 34. Kf3 h5 35. c4 h4 36. b4 Rc8 37. Rc7 Rxc7 38. Bxc7 Kf5 39. c5 bxc5 40. bxc5 Ne5+ 41. Ke3 g4 42. Bb8 a6 43. Bc7 g3 44. Ke2 Ke6 45. Ke3 Kd7 46. Bb8 Kc8 47. Ba7 Kb7 48. Bb6 Nc4+ 49. Kf4 Nxb6 50. cxb6 f5 0-1

[Event "CYCC U16U18 w"]
[Site "Ottawa CAN"]
[Date "2013.07.12"]
[Round "5"]
[White "Vyravanathan, Sobiga"]
[Black "Xiao, Alice"]
[Result "0-1"]
[WhiteElo "1640"]
[BlackElo "1959"]
[PlyCount "68"]
[GameId "2160767909334984"]
[EventDate "2013.07.10"]
[EventType "swiss"]
[EventRounds "6"]
[EventCountry "CAN"]
[SourceTitle "EXT 2022"]
[Source "ChessBase"]
[SourceDate "2021.10.06"]
[SourceVersion "1"]
[SourceVersionDate "2021.10.06"]
[SourceQuality "1"]

1. e4 d5 2. exd5 Qxd5 3. Nc3 Qa5 4. d4 c6 5. Nf3 Nf6 6. Bd2 Qc7 7. Be2 Bf5 8. Be3 e6 9. Nh4 Bg6 10. Nxg6 hxg6 11. g3 Nbd7 12. Qd2 Bb4 13. Qd3 Rd8 14. Qc4 Nd5 15. Bd2 N7f6 16. O-O-O b5 17. Qd3 Qa5 18. Nxd5 Nxd5 19. Bxb4 Nxb4 20. Qa3 Nxa2+ 21. Kb1 Qxa3 22. bxa3 Nc3+ 23. Kb2 Nxe2 24. c3 Ke7 25. Rde1 Nxd4 26. cxd4 Rxd4 27. Re2 Rhd8 28. f4 Rd2+ 29. Rxd2 Rxd2+ 30. Kc3 Rd5 31. Kb4 Kd7 32. h4 Kc7 33. Re1 Rd3 34. Rg1 Kb6 0-1

[Event "CYCC U16U18 w"]
[Site "Ottawa CAN"]
[Date "2013.07.12"]
[Round "6"]
[White "Botez, Alexandra"]
[Black "Vyravanathan, Sobiga"]
[Result "1/2-1/2"]
[WhiteElo "2204"]
[BlackElo "1640"]
[PlyCount "187"]
[GameId "2160767909334985"]
[EventDate "2013.07.10"]
[EventType "swiss"]
[EventRounds "6"]
[EventCountry "CAN"]
[SourceTitle "EXT 2022"]
[Source "ChessBase"]
[SourceDate "2021.10.06"]
[SourceVersion "1"]
[SourceVersionDate "2021.10.06"]
[SourceQuality "1"]

1. d4 Nf6 2. c4 e6 3. Nf3 d5 4. Nc3 Bb4 5. Bd2 O-O 6. e3 Nc6 7. cxd5 exd5 8. Bd3 Bg4 9. Qc2 Re8 10. O-O-O Ne7 11. Rdg1 c5 12. Ne5 Be6 13. g4 c4 14. Be2 Bxc3 15. Bxc3 Ne4 16. Be1 f6 17. Nf3 b5 18. Nd2 c3 19. Nxe4 cxb2+ 20. Kb1 dxe4 21. Bd2 a5 22. Bxb5 Qd5 23. Qb3 Qxb3 24. axb3 Reb8 25. Bc4 Bxc4 26. bxc4 a4 27. Ka2 a3 28. Rb1 Nc6 29. Rhd1 Kf7 30. f3 exf3 31. Rf1 Kg6 32. c5 h5 33. gxh5+ Kxh5 34. Rxf3 Kg6 35. Rg3+ Kf7 36. d5 Nb4+ 37. Bxb4 Rxb4 38. c6 Rc4 39. e4 Rc1 40. Rg1 Rc2 41. Rgd1 Ke8 42. Rd3 Rc1 43. Rd1 Rc3 44. Rg1 Kf7 45. Rbf1 Rc5 46. Rb1 Rc3 47. Rgd1 Ke8 48. Re1 Kf7 49. e5 fxe5 50. Rxe5 Rc1 51. Re1 Rc5 52. Red1 Ke8 53. Re1+ Kf7 54. Rbd1 g6 55. Rf1+ Kg7 56. h4 Kg8 57. Rfe1 Kf8 58. Rg1 Kf7 59. Rdf1+ Ke7 60. Rd1 Kf7 61. Rge1 Kf8 62. Rg1 Kf7 63. Rdf1+ Ke7 64. Rd1 Kf7 65. Rh1 Kg7 66. Rhf1 Kg8 67. Rg1 Kf7 68. Rdf1+ Ke7 69. Rxg6 Rxd5 70. Re1+ Kf7 71. Rg3 Rd6 72. Rc3 Rc8 73. c7 Re6 74. Rf1+ Rf6 75. Rd1 Ke7 76. Kxa3 Rb6 77. Re1+ Kd7 78. Rd1+ Ke7 79. Ka2 Ra8+ 80. Ra3 Rxa3+ 81. Kxa3 b1=Q 82. Rxb1 Rxb1 83. c8=Q Ra1+ 84. Kb2 Re1 85. Qc5+ Kf7 86. Qf2+ Kg6 87. Qxe1 Kh5 88. Qg3 Kh6 89. Qg5+ Kh7 90. Kc3 Kh8 91. Kd4 Kh7 92. Ke5 Kh8 93. Kf6 Kh7 94. Qg7# 1/2-1/2